Ultimate Gilmore Girls Trivia Quiz Stats

 Plays Quiz not verified by Sporcle

Support Sporcle.
Go Orange.
Score 0/50 Timer 10:00
0 Plays Today
Hint Answer % Correct
Main character/daughterRory Gilmore
98%
Main character/diner ownerLuke Danes
97.2%
Main character/motherLorelai Gilmore
97%
Main character/chefSookie St. James
94.7%
Main character/drummerLane Kim
93%
Main character/grandmotherEmily Gilmore
92.9%
Played by:Lauren Graham
92.7%
Main character/French manMichel Gerard
91.9%
Main character/grandfatherRichard Gilmore
91.7%
Played by:Alexis Bledel
89.4%
Name of private high school attendedChilton
88.8%
Main character/fatherChristopher Hayden
87.3%
Animal that hit a carDeer
86.2%
Main character/dance teacherMiss Patty
85.6%
College finally decided on; now everyone's happyYale
82.2%
How many yellow daisies?1000
80.1%
Color hair is dyed before dying back to normalPurple
77.1%
Played by:Melissa McCarthy
76%
Played by:Scott Patterson
73.1%
Roadtrip to where? (season 2)Harvard
72.3%
Name of cat that died in season 1Cinnamon
70.4%
Saddest birthday for both mother and daughter (season 6)21
69.8%
Concert interrupted by a party way to old for themBangles
69%
Place where she finally gets married to the father of her childParis
68.4%
British playwright that was the was the topic of a major test (season 1)Shakespeare
67.9%
Hint Answer % Correct
Thing stolen with boyfriend (season 5)yacht
67.3%
Position on student councilVice President
64.2%
Played by:Kelly Bishop
59.9%
Nickname of new business parter (season 4)Digger
58.5%
Played by:Keiko Agena
55.2%
TV show that caused a fight The Donna Reed Show
51.9%
Running for what political position? (season 5)town selectman
47.6%
Played by:Yanic Truesdale
44.8%
Played by:Edward Herrmann
43.8%
Shopping that brings an ex-couple back to friendship through some fun arguing (season 7)Car shopping
42.3%
Last minute Valentines Day present given thanks to unexpected ally (season 6)necklace
42.1%
Played by:Liz Torres
38.2%
He's not wearing his own _____ (season 4)socks
38.1%
She has a parasite...oh wait no, she's ____ (season 7)pregnant
37.7%
What time at the Oasis?8 o'clock
36.7%
Name of crazy cat (season 3)Kirk
35%
Party like it's ____ (season 7)2002
33.7%
So-called date for so-called wedding (season 6)June 3rd
32.5%
Played by:David Sutcliffe
32.2%
How many months to complete community service?6
26.7%
A more exciting illness (season 3)Haunted leg
23.2%
Name of public high school attended firstStars Hallow High
21%
Dirty button says what? (season 4)Harvard go to hell
11.3%
Crazy town event that caused a few fights (season 2)Picnic Basket Auction
6.4%
An exciting job offer that expedites departure from Stars Hallow, but influences a giant partyJournalist on Obama's campaign
4.2%

You're not logged in!

Compare scores with friends on all Sporcle quizzes.
OR
Log In

From the Vault

Mega-Sorting Gallery: Holiday

by Chenchilla

It's time to get to celebrating. You've got a lot to do.
Remove Ads.
Support Sporcle.
Get the best of Sporcle when you Go Orange. This ad-free experience offers more features, more stats, and more fun while also helping to support Sporcle. Thank you for becoming a member.

Show Comments

Extras

Top Quizzes Today


Score Distribution

Your Account Isn't Verified!

In order to create a playlist on Sporcle, you need to verify the email address you used during registration. Go to your Sporcle Settings to finish the process.

Report this User

Report this user for behavior that violates our Community Guidelines.

Details: